000 00393nam a2200133Ia 4500
008 151001s9999||||xx |||||||||||||| ||und||
100 _aकुमुदिनी रांगणेकर
245 _aआग्यावेताळ
250 _a1
260 _bगुलमोहर प्रकाशन सातारा
260 _c1988
300 _a139
365 _b18
999 _c970596
_d970593